|
|
|
|
| LEADER |
00000nam0a2200000 4500 |
| 001 |
339568 |
| 005 |
20231102005145.0 |
| 035 |
|
|
|a (RuTPU)RU\TPU\book\366085
|
| 090 |
|
|
|a 339568
|
| 100 |
|
|
|a 20171227d1859 m y0rusy50 ca
|
| 101 |
0 |
|
|a rus
|
| 102 |
|
|
|a RU
|
| 105 |
|
|
|a a z 000zy
|
| 200 |
1 |
|
|a Публичные популярные лекции о машинах, читанные в залах пассажа И. Вышнеградским
|
| 210 |
|
|
|a Санкт-Петербург
|c Издание Торгового Дома С. Струговщикова, Г. Похитонова, Н. Водова и К
|d 1859
|
| 215 |
|
|
|a 445 с.
|c ил.
|
| 606 |
|
|
|a Механика
|2 stltpush
|3 (RuTPU)RU\TPU\subj\67812
|9 83462
|
| 610 |
1 |
|
|a машины
|
| 610 |
1 |
|
|a кривошипы
|
| 610 |
1 |
|
|a эксцентрик
|
| 610 |
1 |
|
|a паровые машины
|
| 610 |
1 |
|
|a часы
|
| 610 |
1 |
|
|a механизм часов
|
| 610 |
1 |
|
|a внутренние силы
|
| 675 |
|
|
|a 531
|v 4
|
| 700 |
|
1 |
|a Вышнеградский
|b И. А.
|c российский ученый-механик
|c государственный деятель
|f 1831/1832-1895
|g Иван Алексеевич
|2 stltpush
|3 (RuTPU)RU\TPU\pers\14548
|9 4840
|
| 801 |
|
1 |
|a RU
|b 63413507
|c 20171227
|
| 801 |
|
2 |
|a RU
|b 63413507
|c 20171227
|g RCR
|
| 942 |
|
|
|c BK
|